MDQL
is popping MORE tags! Check the
thread
!
Quizzes
Events
Quiz Creation
Community
Videos
Private Events
Remove Ads
Sign In
Join for FREE
Feedback
Dark Mode
Quiz Categories
Sports
Geography
Music
Movies
Television
Just For Fun
Miscellaneous
History
Literature
Language
Science
Gaming
Entertainment
Religion
Holiday
For Kids
Quiz Lab
Recent
Popular Today
Quiz Kudos Today
Editor Picks
Curator Picks
Quizzes by...
Day
Popularity
Type
Ratings
Length
Year
Community
Subscriptions
Recent Discussions
Orange Saloon
Badges
Playlists
Quests
Create
Leaderboards
Showdown
Live 5
Trivia Bingo
Activity
Puzzle Library
Sporcle Events
Private Events
Virtual Trivia
Globe League
Become a Host
Pub Owners
SporcleCon
Opinionation
Our Games
Videos
Blog
Mobile Apps
Partnerships
Remove Ads and Go Orange
Feedback
Geography
Country
Landmarks
City
State
Population
World
Capital
Continent
Flags
Europe
Africa
Asia
South America
North America
Oceania
Border
Canada
United Kingdom
Topography
United States
Geography
Country
Landmarks
City
State
Population
World
Capital
Continent
Flags
Europe
Africa
Asia
South America
North America
Oceania
Border
Canada
United Kingdom
Topography
United States
Random Quiz
Search Sporcle
×
Quiz Lab
Quiz Lab
Geography
Europe
Type in answers that appear in a list
Type in answers that appear in a list
Classic
Best Score? Go Orange.
European Union (EU) Case Study Stats
Can you name the European Union (EU) Case Study
By
georevision
10m
26 Questions
67 Plays
67 Plays
67 Plays
Comments
Comments
Give Quiz Kudos
Give Quiz Kudos
-
- Ratings
hide this ad
Replay
Link that replays current quiz
Next Quiz
Link to next quiz in quiz playlist
You Got
0%
They Got
Avg Score
33%
Avg Friend Score
Upgrade to see
Score Distribution
Jump to the score distribution portion of the page
Score
0/26
Timer
10:00
1
Play Today
Hint
Answer
% Correct
After what war was the EU formed?
World War 2
91%
One of their aims was to ensure?
Peace
74.6%
Trade has become easier or harder?
Easier
74.6%
How many members are there now (in 2013)?
28
71.6%
How many of the 28 members use the Euro?
17
70.1%
When did the UK join the EU?
1973
67.2%
How many founders were there?
6
55.2%
In what year did the European Coal and Steel Community begin to unite European countries economically and politically?
1950
49.3%
How many members were there in 1973?
9
44.8%
When was the single market completed?
1993
44.8%
To become an EU member you must meet certain?
Criteria
37.3%
When was the single market created?
1986
35.8%
The EU has increased?
Trade
29.9%
Hint
Answer
% Correct
It is easy to what around the EU?
move
25.4%
Why is this?
The Euro
19.4%
An example of this is high standards of environmental?
Protection
19.4%
Prices are more consistent because there is no uncertainty in
Exchange Rates
16.4%
This is because so many people have moved to Western Europe in the hopes of better
Jobs
11.9%
Meeting this criteria can involve a lot of?
Investment
7.5%
Joining the EU can be?
Expensive
6%
Countries have to share some?
Resources
6%
In some Eastern Countries there is a lack of?
Skilled Workers
6%
Joining the EU can reduce?
Independence
4.5%
Economies of countries outside the EU?
Suffer
3%
The other was to?
Improve Economic Development
1.5%
An example of this is the ? Policy?
Common Fisheries Policy
0%
Quiz Playlist
Details
Report
Send in Message
Add To Playlist
Classic:
Type in answers that appear in a list
Last Updated: Feb 16, 2017
Quiz Scoreboard
CHALLENGE
Sign Up to Join the Scoreboard
Show All
Scores
Hide
Comments
May contain spoilers
Recently Published
Street Fighter Characters
by Artimus82
Gaming
60s
9x9 Crossword: Cartoon Network
by jackfrog10
Miscellaneous
3m
College Basketball Coaching Resumes
by pancakes188
Sports
9m
More to Explore
Quiz From the Vault
Featured Blog Post
Where Did the Easter Bunny Come From?
hide this ad
You Might Also Like...
Tags
Europe Quiz
case
Study
union
Today's Top Quizzes in Geography
Browse Geography
hide this ad
Today's Top Quizzes in Europe
Browse Europe
Top Contributed Quizzes in Geography
1
Countries of the World - No Outlines Minefield
2
Top 25 Cities of France on a map
3
Any capital of a 'B' country per Continent
4
Any capital of a 'C' country per Continent
5
Closest Countries to UK A-Z
6
Any capital of a 'D' country per Continent
7
5-to-1: US Geography No Hints
8
Any capital of an 'E' country per Continent
9
Find the US States - No Outlines
10
Any capital of an 'F' country per Continent
Explore More
Trending Topics
Crossword
Harry Potter
NBA
Disney
Marvel
Anime
Kpop
Country
WWE
Pokémon
NFL
Puzzle
Song
Soccer
The Office
hide this ad
More By:
georevision
Quiz
Plays
Rating
Category
Featured
Created
Colonialism in Africa
110
1.33
Geography
Oct 14, 2013
Develment and Globalisation definitions
69
5.00
Geography
Oct 13, 2013
European Union (EU) Case Study
67
1.60
Geography
Oct 19, 2013
Weather associated with depressions
29
1.00
Geography
Jun 8, 2014
Current LDCs
23
Geography
Oct 9, 2013
Go to Creator's Profile
Score Distribution
Quiz Creator Spotlight
georevision
Follow
Send a Message
Quizzes Created
-
Created Quiz Play Count
-
More By This Creator
Popular Quizzes Today
1
Find the US States - No Outlines Minefield
2
Find the Countries of Europe - No Outlines Minefield
3
The Countries of the World
4
Find the US States
5
Risky Map Clicking: Biggest States A-Z
6
US States
7
Popular People in 1961
8
Movies - When Are They Set?
More Geography Quizzes
Learn World Flags: Sporcle Flags
Quiz Lab
Trending Quizzes
Risky Map Clicking: Least Populous States A-Z
Countries of the World: 200 Million BC
1-10 Letter G Words
Risky Map Clicking: Next State Alphabetically
Adjectives in 80s TV Shows
Recently Updated
Leaping Animals
pecheneg
Reality TV Shows (A-Z)
bhenderson79
Rickey Henderson's Hall of Fame Teammates
pecheneg
Champions League XIs: Arsenal
pecheneg
Quick Pick: Celebrities in WWE's Hall of Fame
aduchscher
A-Z Keypad Blitz II
pecheneg
Multiple Oscar Actors
pecheneg
Mystery Phrase Blitz: Oscar 'Best Actors'
pecheneg
F. Scott Fitzgerald Novels
LTH
Pick 3 Villains
ddd62291
Trending Topics
Kpop
Crossword
Harry Potter
Anime
Marvel
NBA
Disney
Song
Puzzle
Soccer
NFL
Pokémon
The Office
Country
WWE
Your Account Isn't Verified!
In order to create a playlist on Sporcle, you need to verify the email address you used during registration. Go to your
Sporcle Settings
to finish the process.
Report this User
Report this user for behavior that violates our
Community Guidelines
.
Details:
Send Report
Go to the Sporcle.com Mobile Site →
Comments